[Event "NIO"]
[Site "Moscow, ID"]
[Date "2004.07.17"]
[Round "1.2"]
[White "Eacker, Barry D"]
[Black "McClary, Lewis L"]
[Result "0-1"]
[WhiteElo "1632"]
[BlackElo "2063"]

1. Nf3 Nf6 2. c4 g6 3. g3 Bg7 4. Bg2 d6 5. Nc3 O-O 6. O-O Nc6 7. Rb1 e5 8. d3
d5 9. cxd5 Nxd5 10. Nxe5 Nxc3 11. Nxc6 Nxe2+ 12. Qxe2 bxc6 13. Bxc6 Rb8 14.
Be3 Ba6 15. Rfd1 Qd6 16. Bg2 Rbd8 17. Bf1 Rfe8 18. Qc2 Qd5 19. Qc5 Qe6 20. d4
Bb7 21. Bg2 Bxg2 22. Kxg2 Rd7 23. b3 Qe4+ 24. Kg1 Qf3 25. Re1 Red8 26. Rbd1
Bf8 27. Qg5 c5 28. Qf4 Qxf4 29. Bxf4 cxd4 30. Rd3 Bb4 31. Red1 f6 32. Bd2 Bxd2
33. R1xd2 Kf7 34. Kg2 Ke6 35. Kf3 Ke5 36. a4 a5 37. h4 h5 38. g4 Rh8 39. Re2+
Kd5 40. Re4 Kc5 41. Re6 hxg4+ 42. Kxg4 Rdh7 43. Rxf6 Rxh4+ 44. Kg5 Rh3 45. f3
Rg3+ 46. Kf4 Rg1 47. Rf7 g5+ 48. Kf5 Re1 {The rest of this score cannot be
reconstructed.} {#R} 0-1

[Event "NIO"]
[Site "Moscow, ID"]
[Date "2004.07.17"]
[Round "1.4"]
[White "Dennis, Brian C"]
[Black "Smith, Dylan Tyler"]
[Result "0-1"]
[WhiteElo "1553"]
[BlackElo "1804"]

1. e4 c5 2. Nf3 Nc6 3. d4 cxd4 4. Nxd4 g6 5. Be3 Bg7 6. c3 Nf6 7. Nd2 O-O 8.
Be2 d5 9. Nxc6 bxc6 10. f3 dxe4 11. fxe4 Qc7 12. h3 Qg3+ 13. Bf2 Qxg2 14. Bf3
Qg5 15. Qe2 Bh6 16. Nb3 Rd8 17. e5 Nd5 18. Rg1 Qf4 19. Rd1 Ba6 20. Qe4 Ne3 21.
Qxe3 Rxd1+ 22. Kxd1 Qxe3 23. Bxe3 Bxe3 24. Rg4 Rd8+ 25. Ke1 Bc8 26. Re4 Bb6
27. h4 Bf5 28. Re2 c5 29. c4 Bd3 30. Rd2 Bxc4 31. Rxd8+ Bxd8 32. Nxc5 Bxa2 33.
e6 f5 34. Nd7 Bxe6 35. Ne5 Bb6 36. Nc6 Kf7 37. b4 Kf6 38. b5 Bc4 39. Be2 Bxe2
40. Kxe2 e5 41. Nb4 h6 42. Nd3 g5 43. h5 e4 44. Ne1 f4 45. Kf1 g4 46. Ng2 Kg5
47. Ne1 f3 48. Nc2 g3 49. Ne1 Kf4 50. Nc2 g2+ {#R} 0-1

[Event "NIO"]
[Site "Moscow, ID"]
[Date "2004.07.17"]
[Round "1.5"]
[White "Eacker, David Jonathan"]
[Black "Looney, Daniel S"]
[Result "1-0"]
[WhiteElo "1795"]
[BlackElo "1552"]

1. d4 f5 2. c4 Nf6 3. Nc3 g6 4. Nf3 Bg7 5. e3 d6 6. Bd3 O-O 7. O-O Qe8 8. e4
fxe4 9. Nxe4 Bg4 10. Be3 Nbd7 11. Nxf6+ Nxf6 12. Be2 h6 13. d5 Ne4 14. Nd4 Bd7
15. Bg4 Bxd4 16. Bxd4 Nf6 17. Bxd7 Qxd7 18. Qd3 Qg4 19. Rae1 Rf7 20. Re6 Raf8
21. h3 Qg5 22. g4 Kh7 23. f4 Nh5 24. fxg5 Rxf1+ 25. Qxf1 Rxf1+ 26. Kxf1 Nf4
27. Rxe7+ {#r} 1-0

[Event "NIO"]
[Site "Moscow, ID"]
[Date "2004.07.17"]
[Round "1.6"]
[White "Watson, John"]
[Black "Martin, Robert A"]
[Result "1/2-1/2"]
[WhiteElo "1423"]
[BlackElo "1774"]

1. e4 e6 2. d4 d5 3. exd5 exd5 4. Nf3 Nf6 5. Ne5 Be7 6. Be2 Nc6 7. Nxc6 bxc6
8. O-O O-O 9. b3 h6 10. Bb2 Bd6 11. f3 Bd7 12. Nd2 Qc8 13. c3 Nh5 14. Re1 Nf4
15. Bf1 Bf5 16. g3 Nh3+ 17. Bxh3 Bxh3 18. Re2 Qf5 19. Qe1 Qg6 20. Qf2 Rae8 21.
Rae1 Rxe2 22. Rxe2 h5 23. Kh1 f5 24. f4 Bg4 25. Nf3 Bxf3+ 26. Qxf3 Re8 27. Qf2
Re4 28. Rxe4 fxe4 29. b4 Qf5 30. Bc1 Qg4 31. Kg2 Kf7 32. Be3 Kf6 33. Bc1 h4
34. h3 Qxg3+ 35. Qxg3 hxg3 36. Kxg3 Kf5 37. h4 g6 38. Be3 {Draw Agreed} {#d}
1/2-1/2

[Event "NIO"]
[Site "Moscow, ID"]
[Date "2004.07.17"]
[Round "2.1"]
[White "Smith, Dylan Tyler"]
[Black "Campbell, Matthew"]
[Result "1-0"]
[WhiteElo "1804"]
[BlackElo "2092"]

1. e4 e6 2. d4 d5 3. e5 c5 4. c3 Nc6 5. Nf3 Qb6 6. a3 cxd4 7. cxd4 Bd7 8. Nc3
Nh6 9. Na4 Qc7 10. Bd3 Nf5 11. Bxf5 exf5 12. O-O Be6 13. Bf4 Be7 14. Rc1 Qd8
15. Nc5 Bc8 16. Qa4 Qa5 17. Qb3 Nd8 18. Qxd5 O-O 19. Qc4 b6 20. b4 b5 21. Qd5
Qb6 22. Qxa8 Nb7 23. Na4 Qd8 {#r} 1-0

[Event "NIO"]
[Site "Moscow, ID"]
[Date "2004.07.17"]
[Round "2.2"]
[White "McClary, Lewis L"]
[Black "Eacker, David Jonathan"]
[Result "1-0"]
[WhiteElo "2063"]
[BlackElo "1795"]

1. e4 e5 2. Nf3 Nc6 3. Bb5 a6 4. Bxc6 dxc6 5. d4 exd4 6. Qxd4 Qxd4 7. Nxd4 Bd7
8. Bg5 f6 9. Be3 O-O-O 10. Nd2 Re8 11. O-O-O c5 12. Ne2 Bc6 13. f3 f5 14. Ng3
g6 15. Rde1 fxe4 16. Ngxe4 b6 17. Bf4 Bh6 18. Bxh6 Nxh6 19. Ng3 Nf7 20. Rxe8+
Rxe8 21. Kd1 Bd5 22. a3 Nd6 23. Re1 Rxe1+ 24. Kxe1 Kd7 25. Ke2 Ke6 26. Ke3
Nf5+ 27. Nxf5 Kxf5 28. h4 h5 29. Nf1 Ke5 30. Ng3 a5 31. Ne2 Be6 32. Nc3 Bf5
33. Ne4 Bxe4 34. fxe4 c4 35. c3 c6 36. Kf3 a4 37. Ke3 c5 38. Kf3 b5 39. Ke3
Kf6 40. Kf4 Ke6 41. e5 Kd5 42. g3 Ke6 43. Ke4 Ke7 44. Kd5 Kd7 45. e6+ Ke7 46.
Ke5 {#r} 1-0

[Event "NIO"]
[Site "Moscow, ID"]
[Date "2004.07.17"]
[Round "2.3"]
[White "Roland, Jeffrey T"]
[Black "Sutton, Stewart Quinn"]
[Result "1/2-1/2"]
[WhiteElo "1709"]
[BlackElo "1968"]

1. e4 d5 2. exd5 Qxd5 3. Nc3 Qa5 4. d4 c6 5. Nf3 Nf6 6. Bd2 Bf5 7. Ne4 Qc7 8.
Nxf6+ gxf6 9. c4 e6 10. g3 Nd7 11. Bg2 O-O-O 12. Rc1 Qb6 13. Bc3 Bh6 14. c5
Nxc5 15. dxc5 Rxd1+ 16. Rxd1 Qa6 17. Bxf6 Re8 18. Ne5 Qa5+ 19. Kf1 Bc2 20. Rd7
Qxc5 21. Rxf7 Rf8 22. Bh3 Qb5+ 23. Kg1 Bf5 24. g4 Be4 25. g5 Qd5 26. Rd7 Qxd7
27. Nxd7 Kxd7 28. Bg2 Bxg2 29. Kxg2 Rg8 30. Rd1+ Kc7 31. h4 Bg7 32. Bxg7 {Draw
Agreed} {#d} 1/2-1/2

[Event "NIO"]
[Site "Moscow, ID"]
[Date "2004.07.17"]
[Round "2.4"]
[White "Martin, Robert A"]
[Black "Anderson, Mark"]
[Result "1-0"]
[WhiteElo "1774"]
[BlackElo "1727"]

1. Nf3 Nf6 2. c4 c6 3. g3 d5 4. cxd5 cxd5 5. Bg2 Nc6 6. d4 Qb6 7. Nc3 e6 8.
O-O a6 9. a3 Bd6 10. b4 Bd7 11. Na4 Qc7 12. Nc5 Rc8 13. Be3 O-O 14. Rc1 Rfd8
15. Bg5 Be7 16. Bxf6 Bxf6 17. e3 Qb8 18. Qe2 Na7 19. Nxd7 Rxd7 20. Rc5 Rdc7
21. Rfc1 Be7 22. Rxc7 Rxc7 23. Qd2 Qc8 24. Rxc7 Qxc7 25. Bf1 Nc8 26. Ne5 Nd6
27. Nd3 Nc4 28. Qc1 Bd6 29. Nc5 Nb6 30. Qc2 Qc6 31. Bd3 h6 32. a4 Bxc5 33. b5
axb5 34. axb5 Qd7 35. dxc5 Nc8 36. Qa4 f6 37. Qa8 Kf7 38. c6 bxc6 39. bxc6 Qc7
40. Ba6 Qa5 41. Qxc8 Qe1+ 42. Bf1 {#r} 1-0

[Event "NIO"]
[Site "Moscow, ID"]
[Date "2004.07.17"]
[Round "2.5"]
[White "Meservy, Tyler James"]
[Black "Watson, John"]
[Result "1/2-1/2"]
[WhiteElo "1640"]
[BlackElo "1423"]

1. d4 d5 2. e3 Nc6 3. c4 e6 4. Nc3 Nf6 5. Nf3 Bb4 6. Qc2 O-O 7. Bd2 Bxc3 8.
Bxc3 Ne4 9. Bd3 f5 10. Rd1 Bd7 11. b4 Re8 12. b5 Nxc3 13. Qxc3 Ne7 14. Ne5 Ng6
15. f3 Nxe5 16. dxe5 Qg5 17. Kf2 c6 18. f4 Qe7 19. Be2 Qc5 20. Qd4 Qxd4 21.
exd4 cxb5 22. cxb5 Rac8 23. Rc1 b6 24. Rhe1 Rxc1 25. Rxc1 Rc8 26. Rxc8+ Bxc8
27. g4 g6 28. Kg3 Kg7 29. h4 h6 30. a4 {The rest of this score cannot be
reconstructed. Draw Agreed} {#d} 1/2-1/2

[Event "NIO"]
[Site "Moscow, ID"]
[Date "2004.07.17"]
[Round "2.7"]
[White "Brown, Nicholas Ross"]
[Black "Dennis, Brian C"]
[Result "0-1"]
[WhiteElo "826"]
[BlackElo "1553"]

1. d4 Nf6 2. f4 d5 3. e3 e6 4. Bd3 c5 5. c3 Bd6 6. Nd2 O-O 7. g4 h6 8. h4 Kh8
9. g5 Ng8 10. Ndf3 f6 11. Bd2 Nd7 12. Qe2 a6 13. O-O-O b5 14. Nh3 Qe8 15. gxh6
Nxh6 16. Nhg5 e5 17. h5 e4 18. Bc2 exf3 19. Nxf3 f5 20. Nh4 Rf6 21. Ng6+ Kg8
22. Rdg1 c4 23. Rg5 Nc5 24. Rhg1 Ra7 25. Qg2 Ne4 26. Bxe4 dxe4 {The rest of
this game cannot be reconstructed.} {#R} 0-1

[Event "NIO"]
[Site "Moscow, ID"]
[Date "2004.07.17"]
[Round "3.1"]
[White "Smith, Dylan Tyler"]
[Black "McClary, Lewis L"]
[Result "0-1"]
[WhiteElo "1804"]
[BlackElo "2063"]

1. e4 e6 2. d4 d5 3. e5 c5 4. c3 Qb6 5. a3 Bd7 6. Nf3 Bb5 7. b4 cxd4 8. Bxb5+
Qxb5 9. cxd4 Nh6 10. Nc3 Qc4 11. Bb2 Be7 12. Rc1 O-O 13. Na4 Qb5 14. Nc5 a5
15. a4 Qxb4+ 16. Bc3 Qb6 17. Rb1 Qc6 18. Qb3 Bxc5 19. dxc5 Nd7 20. Bd4 Nxc5
21. Bxc5 Qxc5 22. O-O Rac8 23. Qxb7 Rc7 24. Qb2 Rfc8 25. Nd4 Qc3 26. Qb6 Ng4
27. Nb5 Qxe5 28. f4 Rc6 29. Qa7 Qe4 30. Rbe1 Qxa4 31. Nd4 R6c7 32. Qa6 Qxd4+
{#R} 0-1

[Event "NIO"]
[Site "Moscow, ID"]
[Date "2004.07.17"]
[Round "3.2"]
[White "Sutton, Stewart Quinn"]
[Black "Martin, Robert A"]
[Result "1-0"]
[WhiteElo "1968"]
[BlackElo "1774"]

1. d4 Nf6 2. Nf3 d5 3. c4 c6 4. cxd5 cxd5 5. Nc3 g6 6. Bf4 a6 7. e3 Bg7 8. Bd3
Nc6 9. O-O Bg4 10. h3 Bxf3 11. Qxf3 O-O 12. Rac1 Rc8 13. Qd1 b5 14. a4 b4 15.
Na2 Qb6 16. Qb3 a5 17. Rc2 Na7 18. Rfc1 Rxc2 19. Rxc2 Rc8 20. Nc1 Rxc2 21.
Qxc2 Ne8 22. Nb3 Nd6 23. Qc5 Qxc5 24. Nxc5 Nc4 25. b3 e5 26. dxe5 Nxe5 27. Ba6
Nac6 28. Kf1 d4 29. Ke2 dxe3 30. fxe3 Bf8 31. Nd3 Bd6 32. Bb5 Nxd3 33. Kxd3
Ne5+ 34. Ke4 f6 35. Kd5 Bc7 36. Ke6 Kg7 37. e4 g5 38. Be3 h5 39. Bc5 h4 40.
Be7 Nf7 41. Bxf6+ Kf8 42. e5 Bd8 43. Bxd8 Nxd8+ 44. Kf6 {#r} 1-0

[Event "NIO"]
[Site "Moscow, ID"]
[Date "2004.07.17"]
[Round "3.3"]
[White "Campbell, Matthew"]
[Black "Roland, Jeffrey T"]
[Result "1/2-1/2"]
[WhiteElo "2092"]
[BlackElo "1709"]

1. e4 e5 2. Nf3 Nc6 3. Bb5 a6 4. Bxc6 dxc6 5. d4 exd4 6. Qxd4 Qxd4 7. Nxd4 Bd6
8. Be3 Ne7 9. Nd2 f6 10. O-O-O Bd7 11. f4 Ng6 12. g3 O-O-O 13. N4f3 Rhe8 14.
Rhe1 Bg4 15. Rf1 Bb4 16. c3 Rd3 17. Bg1 Ba5 18. Kc2 Red8 19. Bd4 Bxf3 20. Nxf3
Rxd1 21. Rxd1 Bb6 22. Bxb6 Rxd1 23. Kxd1 cxb6 24. Ke2 Kd7 25. f5 Ne7 26. g4 c5
27. e5 Nc6 28. e6+ Kd6 29. Ke3 b5 30. Ke4 Ne7 31. g5 Nd5 32. h4 g6 33. fxg6
hxg6 34. e7 f5+ 35. Kd3 Nxe7 36. b3 Nd5 37. a3 a5 38. c4 Nf4+ 39. Ke3 Ne6 40.
cxb5 {Draw Agreed} {#d} 1/2-1/2

[Event "NIO"]
[Site "Moscow, ID"]
[Date "2004.07.17"]
[Round "3.5"]
[White "Anderson, Mark"]
[Black "Watson, John"]
[Result "1/2-1/2"]
[WhiteElo "1727"]
[BlackElo "1423"]

1. d4 d5 2. c4 e6 3. Nf3 Nf6 4. Bg5 Be7 5. Nc3 O-O 6. e3 Ne4 7. Bxe7 Qxe7 8.
Bd3 Nxc3 9. bxc3 dxc4 10. Bxc4 b6 11. O-O Bb7 12. Qe2 Nd7 13. Ba6 Bxa6 14.
Qxa6 Nf6 15. h3 Ne4 16. Rfc1 f6 17. Qd3 Nd6 18. Rc2 b5 19. a4 a6 20. Rca2 Qd7
21. axb5 Nxb5 22. Rxa6 Rxa6 23. Rxa6 Rb8 24. Nd2 Nd6 25. Ne4 Qb5 26. Qxb5 Nxb5
27. c4 f5 28. Nc5 Nd6 29. Nxe6 Nxc4 30. Nxc7 Kf7 31. Ra7 g5 32. Nd5+ Ke6 33.
Nc3 h5 34. Ra6+ Nd6 35. Na4 h4 36. Nc5+ Kd5 37. Ra7 Rb1+ 38. Kh2 Rb2 39. f3
Nc4 40. Rd7+ Kc6 41. e4 Nd2 42. Kg1 fxe4 43. fxe4 Nxe4 44. Nxe4 Kxd7 45. Nxg5
Kd6 46. Nf3 Kd5 47. Kh2 Ra2 48. Nxh4 Kxd4 49. Kg3 Ke5 50. Nf3+ Kf5 51. h4 Ra3
52. Kf2 Ra2+ {Draw Agreed} {#d} 1/2-1/2

[Event "NIO"]
[Site "Moscow, ID"]
[Date "2004.07.17"]
[Round "3.6"]
[White "Dennis, Brian C"]
[Black "Meservy, Tyler James"]
[Result "0-1"]
[WhiteElo "1553"]
[BlackElo "1640"]

1. e4 d6 2. d4 Nf6 3. Nc3 g6 4. f4 Bg7 5. Nf3 c5 6. h3 cxd4 7. Nxd4 a6 8. Be3
b5 9. Bd3 Qc7 10. g4 Bb7 11. g5 Nfd7 12. a3 Nc6 13. Be2 Nxd4 14. Bxd4 e5 15.
fxe5 Nxe5 16. Qd2 h6 17. Rf1 hxg5 18. Qxg5 Rxh3 19. Bxe5 Bxe5 20. Nd5 Bxd5 21.
exd5 Bxb2 22. Rb1 Qc3+ 23. Kd1 Qd4+ 24. Qd2 Qxd2+ 25. Kxd2 Bxa3 26. Rf4 Bc5
27. Re4+ Kf8 28. Bg4 Rh2+ 29. Re2 Rxe2+ 30. Bxe2 b4 31. Bd3 a5 32. Bb5 Bd4 33.
Kd3 Bc3 34. Ba4 Rc8 35. Bc6 Ke7 36. Rg1 Kd8 37. Rg2 Rxc6 38. dxc6 Kc7 39. Kc4
Kxc6 40. Rg5 a4 41. Ra5 a3 42. Kb3 f6 43. Ra7 Kd5 44. Rf7 Ke5 45. Rh7 g5 46.
Re7+ Kf5 47. Rd7 d5 48. Rxd5+ Ke4 49. Rc5 g4 50. Rc4+ Kf5 51. Rc5+ Kf4 52. Rc8
g3 {#R} 0-1

[Event "NIO"]
[Site "Moscow, ID"]
[Date "2004.07.18"]
[Round "4.1"]
[White "McClary, Lewis L"]
[Black "Sutton, Stewart Quinn"]
[Result "1/2-1/2"]
[WhiteElo "2063"]
[BlackElo "1968"]

1. Nf3 d5 2. d3 Nf6 3. g3 Bf5 4. Bg2 e6 5. O-O Be7 6. Nc3 h6 7. e4 dxe4 8. Ne5
c6 9. dxe4 Qxd1 10. Rxd1 Bh7 11. Be3 Nbd7 12. Nxd7 Nxd7 13. f4 Nb6 14. b3 Rd8
15. Rxd8+ Kxd8 16. a4 Kc7 17. Rd1 Rd8 18. Rxd8 Kxd8 19. Kf2 f6 20. Ke2 Bg8 21.
Bd4 Bf7 22. Bf3 Kc7 23. Nd1 Nc8 24. Nf2 b6 25. Nd3 c5 26. Bc3 Bf8 27. Bb2 Ne7
28. e5 f5 29. Bc1 Nc6 30. Be3 Na5 31. Nb2 Be8 32. Bd2 Nc6 33. Bc3 Ne7 34. Nc4
Nc6 35. Nd6 Bxd6 36. exd6+ Kxd6 37. Bxc6 Bxc6 38. Bxg7 h5 39. Be5+ Kd7 40. Bb8
Be4 41. Kd2 a6 42. Be5 {Draw Agreed} {#d} 1/2-1/2

[Event "NIO"]
[Site "Moscow, ID"]
[Date "2004.07.18"]
[Round "4.2"]
[White "Roland, Jeffrey T"]
[Black "Smith, Dylan Tyler"]
[Result "0-1"]
[WhiteElo "1709"]
[BlackElo "1804"]

1. d4 Nf6 2. Nf3 d5 3. c4 c6 4. Nc3 Nbd7 5. e3 e6 6. Bd3 dxc4 7. Bxc4 Nb6 8.
Bd3 Be7 9. O-O O-O 10. Bd2 c5 11. Rc1 cxd4 12. exd4 Bd7 13. Ne5 Rc8 14. f4 Bc6
15. Nxc6 bxc6 16. Be3 Nbd5 17. Qf3 Nxe3 18. Qxe3 c5 19. Ne2 cxd4 20. Qh3 Qd5
21. a3 Bc5 22. g4 h6 23. Ng3 Rfd8 24. b4 Bb6 25. Nh1 Rc3 26. Nf2 Rdc8 27. Rcd1
Kf8 28. g5 hxg5 29. Qh8+ Ke7 30. Qxg7 Rg8 31. Qxf6+ Kxf6 32. Ne4+ Ke7 33. fxg5
Rxd3 {#R} 0-1

[Event "NIO"]
[Site "Moscow, ID"]
[Date "2004.07.18"]
[Round "4.3"]
[White "Martin, Robert A"]
[Black "Eacker, David Jonathan"]
[Result "1/2-1/2"]
[WhiteElo "1774"]
[BlackElo "1795"]

1. Nf3 Nf6 2. c4 c5 3. g3 e6 4. Bg2 Nc6 5. O-O d5 6. cxd5 exd5 7. d4 Be7 8.
Nc3 Be6 9. Bg5 cxd4 10. Nxd4 O-O 11. Nxc6 bxc6 12. Qc2 Qd7 13. Rfd1 Bf5 14.
Qd2 Qe6 15. Re1 Bb4 16. a3 Be7 17. Bxf6 Bxf6 18. e4 Bxc3 19. Qxc3 dxe4 20. f3
Qh6 21. fxe4 Bg4 22. Bf3 Bxf3 23. Qxf3 Rad8 24. Rad1 Rd2 25. Rxd2 Qxd2 26. Qe2
{%04d.o. } Qd4+ 27. Qf2 Rd8 28. Qxd4 Rxd4 29. Re2 Kf8 30. Kf2 Ke7 31. Ke3 Rd1
32. Rc2 { Draw Agreed} {#d} 1/2-1/2

[Event "NIO"]
[Site "Moscow, ID"]
[Date "2004.07.18"]
[Round "4.4"]
[White "Anderson, Mark"]
[Black "Campbell, Matthew"]
[Result "0-1"]
[WhiteElo "1727"]
[BlackElo "2092"]

1. Nf3 Nf6 2. d4 e6 3. Bg5 Be7 4. c4 b6 5. Nc3 Bb7 6. e3 Ne4 7. Bxe7 Qxe7 8.
a3 Nxc3 9. bxc3 d6 10. Bd3 Nd7 11. O-O e5 12. Bc2 O-O 13. Nd2 e4 14. Ba4 Nf6
15. Bc2 Nd7 16. Bb3 Kh8 17. Qc2 f5 18. Rae1 c5 19. Ba2 Nf6 20. Bb1 Rae8 21.
Qd1 Qf7 22. Qa4 Bc8 23. Bc2 Qd7 24. Ra1 g5 25. Qxd7 Bxd7 26. Rfb1 f4 27. exf4
gxf4 28. Re1 Bf5 29. Rac1 Re7 30. Ba4 Rg7 31. Bc6 Rfg8 32. g3 e3 33. fxe3 fxg3
34. h4 Ng4 35. Bd5 Rf8 36. e4 Bc8 37. Nf1 Nf2 38. Re2 Nh3+ 39. Kh1 Bg4 40.
Nxg3 Bxe2 41. Nxe2 Rf2 42. Ng1 Nxg1 43. Rxg1 Rxg1+ 44. Kxg1 Rc2 45. e5 dxe5
46. dxe5 Kg7 47. a4 Kf8 48. h5 h6 49. Bc6 Rxc3 50. Bd5 Ke7 51. Kg2 Ra3 52. Kf2
Rxa4 53. Kf3 Ra1 54. Kg4 Rg1+ 55. Kf4 a5 56. Bc6 Rg5 57. Bb7 Rxh5 {#R} 0-1

[Event "NIO"]
[Site "Moscow, ID"]
[Date "2004.07.18"]
[Round "5.1"]
[White "Campbell, Matthew"]
[Black "McClary, Lewis L"]
[Result "0-1"]
[WhiteElo "2092"]
[BlackElo "2063"]

1. f4 e6 2. Nf3 f5 3. g3 Nf6 4. Bg2 Be7 5. O-O O-O 6. d3 c6 7. Nc3 d5 8. e4 d4
9. e5 Ng4 10. Ne2 c5 11. h3 Nh6 12. Ng5 Nc6 13. c3 Bxg5 14. fxg5 Nf7 15. g6
hxg6 16. Bxc6 bxc6 17. cxd4 cxd4 18. Qa4 Nxe5 19. Nxd4 Qd5 20. Bf4 Nxd3 21.
Rad1 Nxb2 22. Qxc6 Nxd1 23. Rxd1 Qxc6 24. Nxc6 Bb7 25. Ne7+ Kh7 26. Rd7 Bd5
27. Be5 Rf7 28. a3 a5 29. Rc7 Be4 30. Bd6 Rd8 31. Bc5 Rd3 32. Kf2 Rf3+ {#R}
0-1

[Event "NIO"]
[Site "Moscow, ID"]
[Date "2004.07.18"]
[Round "5.2"]
[White "Sutton, Stewart Quinn"]
[Black "Smith, Dylan Tyler"]
[Result "1/2-1/2"]
[WhiteElo "1968"]
[BlackElo "1804"]

1. d4 Nf6 2. Nf3 d5 3. c4 c6 4. cxd5 cxd5 5. Nc3 e6 6. Bf4 Nc6 7. e3 a6 8. Bd3
Bd6 9. Bg3 O-O 10. O-O Bxg3 11. hxg3 Re8 12. Rc1 e5 13. dxe5 Nxe5 14. Be2 Bg4
15. Qd4 {Draw Agreed} {#d} 1/2-1/2

[Event "NIO"]
[Site "Moscow, ID"]
[Date "2004.07.18"]
[Round "5.3"]
[White "Eacker, David Jonathan"]
[Black "Roland, Jeffrey T"]
[Result "1-0"]
[WhiteElo "1795"]
[BlackElo "1709"]

1. c4 e6 2. d4 d5 3. Nc3 Be7 4. Nf3 Nf6 5. cxd5 exd5 6. Bg5 h6 7. Bh4 O-O 8.
e3 c6 9. Bd3 Be6 10. O-O Nbd7 11. Qc2 Rc8 12. Bg3 Nh5 13. a3 Nxg3 14. hxg3 c5
15. Rac1 a6 16. Be2 g6 17. Qd2 Kg7 18. Nh2 f5 19. Nf3 Nf6 20. dxc5 Ne4 21.
Nxe4 dxe4 22. Nd4 Bf7 23. b4 Bf6 24. Rfd1 Qe7 25. Qc2 Rfd8 26. Rd2 Kh7 27.
Rcd1 Be8 28. Bc4 Bd7 29. Qb3 Re8 30. Bf7 Rf8 31. Be6 Rfe8 32. Bxd7 Qxd7 33.
Ne2 Qg7 34. Nf4 Rcd8 35. Ne6 Qg8 36. Rxd8 Bxd8 37. Rd7+ Re7 38. Rxd8 {#r} 1-0

[Event "NIO"]
[Site "Moscow, ID"]
[Date "2004.07.18"]
[Round "5.4"]
[White "Dennis, Brian C"]
[Black "Martin, Robert A"]
[Result "0-1"]
[WhiteElo "1553"]
[BlackElo "1774"]

1. e4 e6 2. d4 d5 3. e5 Ne7 4. Nf3 c5 5. c3 Nec6 6. Be2 cxd4 7. cxd4 Be7 8.
O-O O-O 9. Be3 Nd7 10. Nbd2 f6 11. exf6 Nxf6 12. h3 Bd7 13. g4 h6 14. a3 Nh7
15. Nb3 b6 16. Qd2 Rc8 17. Bf4 Rf7 18. Qe3 Qf8 19. Bg3 Bg5 20. Nxg5 Nxg5 21.
Kg2 Ne4 22. Nd2 Nxg3 23. fxg3 Qe7 24. Rxf7 Qxf7 25. Rf1 Qe7 26. Nf3 Rf8 27.
Bb5 Nb8 28. Bd3 Nc6 29. Rc1 Rc8 30. g5 hxg5 31. Nxg5 Nxd4 32. Qf4 Nf5 33.
Rxc8+ Bxc8 34. g4 Nh6 35. Nf3 Nf7 36. Qb8 Nd6 37. Ne5 Qf8 38. Ng6 Qd8 39. Ba6
Kh7 40. Bd3 Ne4 41. Nf4 Qd7 42. Qe5 Qf7 43. Bxe4+ dxe4 44. Qxe4+ g6 {Black
played the illegal move ... Bb7 but White did not ask for a time penalty.} 45.
Qe3 Bb7+ 46. Kg3 Bd5 47. Nxd5 exd5 48. Qd4 g5 49. Qd3+ Qg6 {%02'time' The last
few moves of this game cannot be reconstructed Time/Zeit} {#R} 0-1

[Event "NIO"]
[Site "Moscow, ID"]
[Date "2004.07.18"]
[Round "5.7"]
[White "Brown, Nicholas Ross"]
[Black "Eacker, Barry D"]
[Result "1-0"]
[WhiteElo "826"]
[BlackElo "1632"]

1. d4 Nf6 2. f4 d5 3. e3 Bf5 4. Bd3 Ne4 5. Bxe4 Bxe4 6. Nd2 Bxg2 7. Ndf3 Bxh1
8. Bd2 e6 9. Qe2 Nd7 10. c3 Nf6 11. Qb5+ Qd7 12. Qxb7 Qc8 13. Qc6+ Kd8 14. Ne5
Bd6 15. Nxf7+ Ke7 16. Nxh8 Qxh8 17. O-O-O Ne4 18. Be1 h6 19. Nh3 Bf3 20. Rd2
Nxd2 21. Bh4+ g5 22. fxg5 Ne4 23. g6+ Nf6 24. g7 Qg8 25. Nf4 Qxg7 26. Qxa8
Qg1+ 27. Kc2 Qd1# 1-0

[Event "NIO"]
[Site "Moscow, ID"]
[Date "2006.07.22"]
[Round "1.1"]
[White "Barredo, Wilson Indoc"]
[Black "Middaugh, Jon Scott"]
[Result "1-0"]
[WhiteElo "1673"]
[BlackElo "1912"]

1. e4 c6 2. d4 d5 3. Nc3 dxe4 4. Nxe4 Bf5 5. Ng5 e6 6. Bc4 Nf6 7. N1f3 h6 8.
Nxf7 Kxf7 9. Ne5+ Ke8 10. O-O Nbd7 11. Bf4 Nxe5 12. Bxe5 Bd6 13. Re1 Qe7 14.
Qf3 Rf8 15. Bxd6 Qxd6 16. Qxf5 Kd8 17. Qxe6 Qxe6 18. Rxe6 Kd7 19. Rae1 Rae8
20. Rxe8 Nxe8 21. d5 Rf4 22. dxc6+ bxc6 23. Be6+ Kd6 24. g3 Rd4 25. Bb3 Nc7
26. c3 Rg4 27. h4 Rg6 28. Kg2 Rf6 29. Rd1+ Ke7 30. Rd4 Nb5 31. Ra4 Kd6 32. c4
Nd4 33. Rxa7 Nxb3 34. axb3 g6 35. b4 Re6 36. Kf3 Rf6+ 37. Ke3 Re6+ 38. Kd3 Rf6
39. f4 g5 40. hxg5 hxg5 41. b5 gxf4 42. gxf4 Rxf4 43. b6 Rf3+ 44. Kc2 c5 45.
Ra5 Rf7 46. Rb5 Rb7 47. Kb3 Kc6 48. Kc3 Rb8 49. b7 Rxb7 50. Rxb7 Kxb7 51. Kd3
Kc6 52. Ke4 Kd6 53. Kf5 {#r} 1-0

[Event "NIO"]
[Site "Moscow, ID"]
[Date "2006.07.22"]
[Round "1.2"]
[White "Eacker, David Jonathan"]
[Black "Mundee, Rickard A"]
[Result "1-0"]
[WhiteElo "1751"]
[BlackElo "1600"]

1. d4 Nf6 2. c4 g6 3. Nc3 d5 4. cxd5 Nxd5 5. e4 Nxc3 6. bxc3 Bg7 7. Be3 c5 8.
Qd2 Qa5 9. Rb1 a6 10. Nf3 O-O 11. Be2 Nd7 12. h3 b5 13. Rc1 Rd8 14. O-O cxd4
15. cxd4 Qxd2 16. Nxd2 e6 17. Rfd1 Bf8 18. Bf3 e5 19. d5 Bd6 20. Bg4 f5 21.
exf5 Nf6 22. Bg5 Rf8 23. Rc6 Nxd5 24. Rxd6 Nc3 25. Rc1 Bxf5 26. Rxc3 Bxg4 27.
hxg4 Rf7 28. Ne4 b4 29. Rcd3 a5 30. Bh6 {#r} 1-0

[Event "NIO"]
[Site "Moscow, ID"]
[Date "2006.07.22"]
[Round "1.3"]
[White "Walton, John C"]
[Black "Anderson, Mark"]
[Result "1-0"]
[WhiteElo "1580"]
[BlackElo "1738"]

1. e4 c5 2. Nf3 Nc6 3. d3 g6 4. g3 Bg7 5. Bg2 d6 6. O-O Nf6 7. c3 O-O 8. Re1
Bg4 9. h3 Bd7 10. Be3 Rc8 11. Na3 a6 12. Qd2 Re8 13. Bh6 b5 14. Bxg7 Kxg7 15.
Rad1 Be6 16. c4 b4 17. Nc2 Qc7 18. Ne3 Rb8 19. b3 Kg8 20. Nd5 Qd8 21. Qh6 Bxd5
22. exd5 Na7 23. Ng5 Nc8 24. Re4 Nb6 25. Rh4 Nbd7 26. Nxh7 Nh5 27. Bf3 e6 28.
Bxh5 exd5 29. Bxg6 Qxh4 30. gxh4 fxg6 31. Qxg6+ Kh8 32. Ng5 Re7 33. Nf7+ Rxf7
34. Qxf7 Ne5 35. Qf6+ Kh7 36. Kh1 Rb7 37. Qf5+ Kh8 38. Qh5+ Rh7 39. Qe8+ Kg7
40. Rg1+ Kf6 41. Qd8+ Ke6 42. Qg8+ Rf7 43. Rg7 Kf6 44. Rxf7+ {#r} 1-0

[Event "NIO"]
[Site "Moscow, ID"]
[Date "2006.07.22"]
[Round "1.4"]
[White "Martin, Robert A"]
[Black "Keele, Stephen"]
[Result "1-0"]
[WhiteElo "1743"]
[BlackElo "1099"]

1. Nf3 d5 2. c4 Nf6 3. g3 c5 4. Bg2 Nc6 5. cxd5 Qxd5 6. O-O e5 7. Nc3 Qe6 8.
d3 Nd4 9. Ng5 Qe7 10. Nge4 Ng4 11. h3 Nh6 12. Bxh6 gxh6 13. Nd5 Qd8 14. Nef6+
Qxf6 15. Nxf6+ Ke7 16. Nd5+ Kd6 17. e3 Nc6 18. f4 Be6 19. e4 Nd4 20. fxe5+
Kxe5 21. Qd2 Rg8 22. Qf4# 1-0